[Event "Prva liga Centalne Srbije 2009"]
[Site "Vrnjacka Banja"]
[Date "2009.09.25"]
[Round "10.6"]
[White "Andrejic, Vladica"]
[Black "Tomic, Miroslav Lj"]
[Result "1-0"]
[WhiteElo "2213"]
[BlackElo "2149"]
[PlyCount "81"]
[EventDate "2009.09.19"]

1. d4 d5 2. c4 c6 3. Nf3 Nf6 4. Nc3 e6 5. Bg5 Nbd7 6. e3 Bb4 7. Qc2 Qa5 8. Nd2
dxc4 9. Bxf6 Nxf6 10. Nxc4 Qg5 11. f4 Qd5 12. a3 Bxc3+ 13. bxc3 b6 14. Ne5 Bb7
15. Bc4 Qd6 16. f5 O-O 17. fxe6 fxe6 18. O-O Nd7 19. Nf3 h6 20. Qe4 Nf6 21.
Qxe6+ Qxe6 22. Bxe6+ Kh8 23. Ne5 Rfe8 24. Bf7 Red8 25. Bg6 Rf8 26. e4 Rab8 27.
Rf3 Kg8 28. Raf1 Rbc8 29. g4 Rc7 30. h4 Rd8 31. g5 Nd7 32. Bf7+ Kh8 33. Ng6+
Kh7 34. Ne7 Ne5 35. g6+ Kh8 36. dxe5 Rxe7 37. Be6 Ree8 38. Bd7 Rg8 39. e6 c5
40. e7 Rxd7 41. e8=Q 1-0

[Event "Prva liga Centalne Srbije 2009"]
[Site "Vrnjacka Banja"]
[Date "2009.09.26"]
[Round "11.1"]
[White "Solomunovic, Igor"]
[Black "Markovic, Zoran S"]
[Result "0-1"]
[WhiteElo "2422"]
[BlackElo "2350"]
[PlyCount "98"]
[EventDate "2009.09.19"]

1. d4 d5 2. c4 e6 3. Nc3 Nf6 4. Bg5 Be7 5. e3 O-O 6. Nf3 h6 7. Bh4 b6 8. Bd3
Bb7 9. O-O Nbd7 10. Qe2 Ne4 11. Bg3 c5 12. Rfd1 cxd4 13. exd4 Nxg3 14. hxg3
dxc4 15. Bxc4 Nf6 16. Ne5 Bb4 17. Rac1 Rc8 18. Nb5 a6 19. Na7 Rc7 20. a3 Qa8
21. axb4 Qxa7 22. Ra1 Rfc8 23. Bxa6 Bxa6 24. Qxa6 Qxa6 25. Rxa6 Nd5 26. Rda1 f6
27. Ng6 Rc1+ 28. Rxc1 Rxc1+ 29. Kh2 Rc4 30. Ra8+ Kf7 31. Nh8+ Ke7 32. Rg8 g5
33. Rg7+ Kf8 34. Rd7 Rxd4 35. Nf7 Rxb4 36. Nd8 Ke8 37. Rd6 Rxb2 38. Nxe6 Ke7
39. Rxd5 Kxe6 40. Rd3 b5 41. f3 b4 42. Rd8 Rc2 43. Rb8 Rc4 44. g4 Kd5 45. Rf8
Rc6 46. Rh8 Kc4 47. Kg3 b3 48. f4 Kc3 49. Kf3 b2 0-1

[Event "Prva liga Centalne Srbije 2009"]
[Site "Vrnjacka Banja"]
[Date "2009.09.26"]
[Round "11.1"]
[White "Irizanin, Radoje"]
[Black "Prelevic, Dusko"]
[Result "1/2-1/2"]
[WhiteElo "2303"]
[BlackElo "2321"]
[PlyCount "25"]
[EventDate "2009.09.19"]

1. d4 c5 2. e3 cxd4 3. exd4 d5 4. Bd3 Nc6 5. c3 Qc7 6. Ne2 Bg4 7. Bf4 Qxf4 8.
Nxf4 Bxd1 9. Kxd1 Nf6 10. Nd2 e6 11. Be2 Bd6 12. Nd3 Ke7 13. g3 1/2-1/2

[Event "Prva liga Centalne Srbije 2009"]
[Site "Vrnjacka Banja"]
[Date "2009.09.26"]
[Round "11.1"]
[White "Organdziev, Oliver"]
[Black "Mirkovic, Stevan"]
[Result "1-0"]
[WhiteElo "2297"]
[BlackElo "2245"]
[PlyCount "109"]
[EventDate "2009.09.19"]

1. e4 c6 2. d4 d5 3. e5 Bf5 4. Nf3 e6 5. Be2 Ne7 6. O-O c5 7. c3 cxd4 8. Nxd4
Bxb1 9. Rxb1 Nec6 10. Qa4 Qa5 11. Qxa5 Nxa5 12. Nb5 Kd7 13. b4 Nac6 14. f4 a6
15. Na3 Kc8 16. Nc2 Nd7 17. Be3 Kc7 18. a4 Nb6 19. a5 Nd7 20. Rfd1 b5 21. axb6+
Nxb6 22. Ra1 a5 23. bxa5 Rxa5 24. Rxa5 Nxa5 25. Ra1 Nc6 26. Ra6 Nd7 27. Bb5
Ndb8 28. Ra1 Be7 29. Nd4 Rc8 30. Nxc6 Nxc6 31. Ra6 Nd8 32. Ra7+ Nb7 33. Ba6 Rb8
34. Kf2 Kc6 35. Kf3 Bd8 36. c4 dxc4 37. Bxc4 Bb6 38. Ra6 Nc5 39. Ra2 Rd8 40.
Rb2 Kc7 41. Bb5 Rd5 42. Rc2 Kb7 43. Bc4 Rd7 44. Bxc5 Bxc5 45. Bxe6 Rd3+ 46. Kg4
fxe6 47. Rxc5 Rd2 48. Kh3 Kb6 49. Rc3 Re2 50. Rd3 g5 51. g3 Rf2 52. fxg5 Rf5
53. Rd6+ Kc7 54. Rxe6 Kd7 55. Rh6 1-0

[Event "Prva liga Centalne Srbije 2009"]
[Site "Vrnjacka Banja"]
[Date "2009.09.26"]
[Round "11.1"]
[White "Radivojevic, Miladin"]
[Black "Andrejic, Vladica"]
[Result "1/2-1/2"]
[WhiteElo "2163"]
[BlackElo "2213"]
[PlyCount "28"]
[EventDate "2009.09.19"]

1. e4 d5 2. exd5 Nf6 3. Bb5+ Bd7 4. Bc4 Bg4 5. f3 Bc8 6. Nc3 Nbd7 7. Nge2 Nb6
8. Bb3 Nbxd5 9. Nxd5 Nxd5 10. c4 Nf6 11. d4 g6 12. Bd2 Bg7 13. Bc3 b6 14. Qd2
a5 1/2-1/2

[Event "Prva liga Centalne Srbije 2009"]
[Site "Vrnjacka Banja"]
[Date "2009.09.26"]
[Round "11.2"]
[White "Urosevic, Zoran"]
[Black "Lapcevic, Milos"]
[Result "0-1"]
[WhiteElo "2292"]
[BlackElo "2390"]
[PlyCount "60"]
[EventDate "2009.09.19"]

1. e4 c5 2. Nf3 e6 3. d4 cxd4 4. Nxd4 Nc6 5. Nb5 d6 6. c4 Nf6 7. N5c3 Be7 8.
Be3 O-O 9. Be2 d5 10. cxd5 exd5 11. exd5 Nb4 12. O-O Bf5 13. Na3 Nbxd5 14. Nxd5
Nxd5 15. Bd4 Nf4 16. Bc3 Bc5 17. Bf3 Bd3 18. Re1 Qg5 19. Kh1 Rad8 20. Re5 Bf5
21. Qg1 Nd3 22. Re2 Rfe8 23. Rc2 h5 24. Rf1 Bg4 25. Nc4 Re6 26. Bd2 Qh4 27.
Bxg4 hxg4 28. g3 Qh7 29. Be3 Ne5 30. Rd1 Qe4+ 0-1

[Event "Prva liga Centalne Srbije 2009"]
[Site "Vrnjacka Banja"]
[Date "2009.09.26"]
[Round "11.2"]
[White "Lazic, Zeljko"]
[Black "Madjar, Stanislav"]
[Result "1-0"]
[WhiteElo "2181"]
[BlackElo "2171"]
[PlyCount "127"]
[EventDate "2009.09.19"]

1. e4 Nf6 2. d3 d5 3. Nd2 dxe4 4. dxe4 e5 5. Ngf3 Bd6 6. Bc4 O-O 7. Qe2 Qe7 8.
Nf1 Be6 9. Ng3 Nbd7 10. Nh4 Bxc4 11. Qxc4 Nb6 12. Qe2 Qe6 13. Bg5 Rfd8 14. Qf3
Nbd7 15. Nh5 Bf8 16. O-O Re8 17. Nxf6+ Nxf6 18. Bxf6 Qxf6 19. Qxf6 gxf6 20.
Rfd1 Red8 21. Kf1 Bc5 22. Nf5 Kf8 23. Ke2 Ke8 24. g4 Rxd1 25. Rxd1 Rd8 26. Rg1
Kd7 27. Rg3 Rg8 28. Kf3 Ke6 29. Rh3 Rd8 30. Ke2 Rh8 31. Rb3 Rb8 32. Rc3 Bd6 33.
a3 Rg8 34. Rg3 Bc5 35. b4 Bd6 36. c4 a6 37. Kd2 Be7 38. Kc3 Bd6 39. c5 Be7 40.
Ne3 c6 41. Rh3 Rh8 42. Nc4 Kd7 43. Rd3+ Kc7 44. Rf3 Rg8 45. h3 Rd8 46. g5 fxg5
47. Rxf7 Kd7 48. Rf5 h5 49. Nxe5+ Ke6 50. Nf3 Bf6+ 51. Kc4 g4 52. hxg4 hxg4 53.
Ng5+ Bxg5 54. Rxg5 Rf8 55. Rxg4 Rxf2 56. Rg7 Re2 57. Rxb7 Rxe4+ 58. Kb3 a5 59.
bxa5 Kd5 60. a6 Re3+ 61. Ka4 Re4+ 62. Ka5 Kxc5 63. a7 Re3 64. a4 1-0

[Event "Prva liga Centalne Srbije 2009"]
[Site "Vrnjacka Banja"]
[Date "2009.09.26"]
[Round "11.2"]
[White "Ilic, Aleksandar"]
[Black "Misic, Dragan"]
[Result "1-0"]
[WhiteElo "2121"]
[BlackElo "2300"]
[PlyCount "83"]
[EventDate "2009.09.19"]

1. e4 c6 2. c4 d5 3. exd5 cxd5 4. cxd5 Qxd5 5. Nc3 Qd8 6. Bc4 e6 7. Nf3 Nf6 8.
d4 Be7 9. Ne5 O-O 10. O-O Nc6 11. Nxc6 bxc6 12. Bf4 Qb6 13. Bb3 Rd8 14. Be3 Nd5
15. Qh5 Ba6 16. Rfd1 Nxc3 17. bxc3 Qb5 18. Qf3 Rac8 19. Rab1 Qa5 20. c4 Bf6 21.
g4 h6 22. Qe4 Bg5 23. f4 Bf6 24. h3 Qc7 25. c5 Rd7 26. Rb2 Qd8 27. Rg2 g6 28.
h4 Bg7 29. h5 gxh5 30. gxh5 Qf6 31. Rg6 Qf5 32. Qxf5 exf5 33. Rg3 Be2 34. Rd2
Bxh5 35. d5 cxd5 36. Rxd5 Rxd5 37. Bxd5 Bg4 38. Bb7 Rc7 39. c6 Bf8 40. Bxa7 Bd6
41. Rd3 Be7 42. Bb6 1-0

[Event "Prva liga Centalne Srbije 2009"]
[Site "Vrnjacka Banja"]
[Date "2009.09.26"]
[Round "11.3"]
[White "Tosic, Miroslav"]
[Black "Savicevic, Vlatko"]
[Result "1/2-1/2"]
[WhiteElo "2441"]
[BlackElo "2331"]
[PlyCount "20"]
[EventDate "2009.09.19"]

1. e4 c5 2. Nf3 Nc6 3. d4 cxd4 4. Nxd4 Nf6 5. Nc3 e5 6. Ndb5 d6 7. Bg5 a6 8.
Na3 b5 9. Nd5 Qa5+ 10. Bd2 Qd8 1/2-1/2

[Event "Prva liga Centalne Srbije 2009"]
[Site "Vrnjacka Banja"]
[Date "2009.09.26"]
[Round "11.4"]
[White "Bojkov, Dejan"]
[Black "Petkov, Vladimir"]
[Result "1/2-1/2"]
[WhiteElo "2528"]
[BlackElo "2456"]
[PlyCount "20"]
[EventDate "2009.09.19"]

1. c4 c5 2. Nc3 Nc6 3. Nf3 Nf6 4. g3 g6 5. Bg2 Bg7 6. O-O O-O 7. d3 d6 8. Bd2
Bd7 9. Qc1 Qc8 10. Bh6 Bh3 1/2-1/2

[Event "Prva liga Centalne Srbije 2009"]
[Site "Vrnjacka Banja"]
[Date "2009.09.26"]
[Round "11.4"]
[White "Paunovic, Tomislav"]
[Black "Ristic, Nebojsa M"]
[Result "0-1"]
[WhiteElo "2355"]
[BlackElo "2377"]
[PlyCount "98"]
[EventDate "2009.09.19"]

1. d4 Nf6 2. c4 c5 3. e3 g6 4. Nc3 Bg7 5. Nf3 O-O 6. Be2 b6 7. O-O d6 8. h3 Bb7
9. d5 e5 10. Nd2 Nbd7 11. a4 a6 12. Nb3 a5 13. f4 Qe7 14. Qc2 Rae8 15. Bd2 exf4
16. exf4 Nxd5 17. Nxd5 Bxd5 18. Bd3 Bc6 19. f5 Qe5 20. Ra2 Qe7 21. Bf4 Ne5 22.
Be2 Bd7 23. g4 gxf5 24. gxf5 Qf6 25. Bg3 Nc6 26. Qd1 Re3 27. Bf3 Nb4 28. Ra1
Qg5 29. Kh2 Bxf5 30. Qd2 Rfe8 31. Rae1 Bg6 32. Qxd6 Be5 33. Bxe5 R8xe5 34. Rxe3
Rxe3 35. Nd2 Rd3 36. Ne4 Rxd6 37. Nxg5 Rd4 38. Bg4 Rxc4 39. Re1 h6 40. Nf3 Rc2+
41. Kg3 Rxb2 42. Re8+ Kg7 43. Ne5 Rb3+ 44. Kh2 Re3 45. Bd7 Nd5 46. Bc6 Nf6 47.
Re7 Bh5 48. Bb5 Nd5 49. Re8 f6 0-1

[Event "Prva liga Centalne Srbije 2009"]
[Site "Vrnjacka Banja"]
[Date "2009.09.26"]
[Round "11.4"]
[White "Djokic, Nenad"]
[Black "Manic, Jovica"]
[Result "1/2-1/2"]
[WhiteElo "2349"]
[BlackElo "2257"]
[PlyCount "157"]
[EventDate "2009.09.19"]

1. d4 c5 2. d5 e5 3. e4 d6 4. Nc3 a6 5. a4 Be7 6. Nf3 Bg4 7. Be2 Bxf3 8. Bxf3
Bg5 9. O-O Bxc1 10. Qxc1 Ne7 11. g3 b6 12. Bg4 h5 13. Bh3 h4 14. Kg2 Ng6 15.
Rh1 Nd7 16. Qe3 Nf6 17. Kf1 Kf8 18. Ke2 Ra7 19. Qf3 Nh7 20. Qg4 Nf6 21. Qc8
Qxc8 22. Bxc8 h3 23. f3 Ke7 24. Bg4 Nf8 25. Nd1 Nxg4 26. fxg4 Nh7 27. c4 Ng5
28. Nc3 a5 29. Rhf1 f6 30. Kd3 Rb7 31. Nd1 Rf8 32. Ne3 g6 33. Ra3 Rfb8 34. Rb3
Nh7 35. Nd1 Ng5 36. Ke3 Rf8 37. Nc3 Rfb8 38. Nb5 Rf8 39. Kd3 Nf7 40. Rc3 Rd7
41. Ke3 Nh6 42. Kf3 Nf7 43. Rc2 Ng5+ 44. Ke3 Nh7 45. Rcf2 Ng5 46. Nc3 Rf7 47.
Nb1 Rf8 48. Nd2 Rb7 49. Ra1 Kd7 50. Kd3 Ke7 51. Nf1 Nf7 52. Ne3 Nh6 53. Raf1
Rf7 54. g5 fxg5 55. Rxf7+ Nxf7 56. Ng4 Rb8 57. Rf6 Rg8 58. Re6+ Kd8 59. Ke2 Rg7
60. Kf3 Rg8 61. Rf6 Rg7 62. Nf2 Ke7 63. Re6+ Kd7 64. Nxh3 Nd8 65. Nxg5 Nxe6 66.
dxe6+ Ke7 67. h4 Rg8 68. Ke3 Rf8 69. Ke2 Rc8 70. Ke3 Rf8 71. Ke2 Rf6 72. Ke1
Rf8 73. Ke2 Rh8 74. Ke3 Rb8 75. Ke2 Ra8 76. Ke3 Rc8 77. Kd3 Rf8 78. Ke2 Rf6 79.
Ke1 1/2-1/2

[Event "Prva liga Centalne Srbije 2009"]
[Site "Vrnjacka Banja"]
[Date "2009.09.26"]
[Round "11.4"]
[White "Nikolic, Boban"]
[Black "Stankovic, Dragan P"]
[Result "1-0"]
[WhiteElo "2236"]
[BlackElo "2326"]
[PlyCount "107"]
[EventDate "2009.09.19"]

1. Nf3 Nf6 2. d4 g6 3. c4 Bg7 4. Nc3 d5 5. Bg5 dxc4 6. e4 O-O 7. Bxc4 Bg4 8.
Qd2 Nfd7 9. Nd5 Nc6 10. Bb5 Nf6 11. Nxf6+ exf6 12. Bxc6 bxc6 13. Be3 Re8 14.
Qc2 f5 15. Ne5 f4 16. Nxc6 Qf6 17. e5 Qe6 18. Bxf4 Bf5 19. Qa4 Be4 20. Na5 Bxg2
21. Rg1 Bd5 22. O-O-O Rac8 23. b4 Bxa2 24. Kb2 Bd5 25. Rc1 Bf8 26. Bd2 Red8 27.
f4 Qh3 28. Ka1 Qxh2 29. Qd1 Qh3 30. Rc3 Qd7 31. Rcg3 Be4 32. Bc3 Qb5 33. e6
fxe6 34. Rg5 Qd3 35. Qxd3 Bxd3 36. Nc6 Rd5 37. Kb2 a6 38. Ne5 Bf5 39. Kb3 Rb8
40. Kc4 Rb6 41. Rxf5 exf5 42. Kxd5 Bxb4 43. Bxb4 Rxb4 44. Rc1 Rb7 45. Ra1 Ra7
46. Nc6 Ra8 47. Ke6 Kg7 48. Kd7 h6 49. Kxc7 g5 50. fxg5 hxg5 51. d5 f4 52. d6
Kf6 53. d7 g4 54. Re1 1-0

[Event "Prva liga Centalne Srbije 2009"]
[Site "Vrnjacka Banja"]
[Date "2009.09.26"]
[Round "11.4"]
[White "Obradovic, Blazimir"]
[Black "Todorovic, Bojan"]
[Result "1/2-1/2"]
[WhiteElo "2207"]
[BlackElo "2308"]
[PlyCount "79"]
[EventDate "2009.09.19"]

1. d4 d5 2. c4 c6 3. cxd5 cxd5 4. Nc3 Nf6 5. Bf4 Nc6 6. e3 a6 7. Bd3 Bg4 8. Nf3
e6 9. h3 Bh5 10. O-O Bd6 11. Bxd6 Qxd6 12. Rc1 O-O 13. a3 Rac8 14. b4 Rc7 15.
g4 Bg6 16. Bxg6 hxg6 17. Qd3 Rfc8 18. Ne2 Ne4 19. Nd2 Nxd2 20. Qxd2 Na7 21.
Rxc7 Rxc7 22. Rc1 Rc4 23. Rxc4 dxc4 24. Nc3 b5 25. Kg2 Nc6 26. f3 f5 27. d5 Ne5
28. Qd4 Nd3 29. dxe6 Qxe6 30. Qd8+ Kf7 31. Nd5 Ne5 32. Kf2 Nc6 33. Qc7+ Ne7 34.
Nxe7 Qxe7 35. Qxe7+ Kxe7 36. g5 Kd6 37. Ke2 Ke5 38. Kd2 f4 39. e4 Kd4 40. Kc2
1/2-1/2

[Event "Prva liga Centalne Srbije 2009"]
[Site "Vrnjacka Banja"]
[Date "2009.09.26"]
[Round "11.5"]
[White "Vojinovic, Goran"]
[Black "Boskovic, Drasko"]
[Result "1/2-1/2"]
[WhiteElo "2458"]
[BlackElo "2436"]
[PlyCount "95"]
[EventDate "2009.09.19"]

1. Nf3 c5 2. g3 Nc6 3. Bg2 g6 4. O-O Bg7 5. e4 e5 6. d3 Nge7 7. Nc3 O-O 8. Nd2
d6 9. Nc4 Be6 10. Nd5 Qd7 11. a4 f5 12. c3 h6 13. f4 Kh7 14. a5 exf4 15. gxf4
Rad8 16. Bd2 Rf7 17. Rf2 fxe4 18. dxe4 Bg4 19. Qf1 Nxd5 20. exd5 Ne7 21. Ne3
Rdf8 22. Nxg4 Qxg4 23. Qd3 h5 24. Kh1 Qh4 25. Re2 Bh6 26. Rae1 Nf5 27. Re4 Qd8
28. a6 bxa6 29. Re6 Qh4 30. R1e4 Qg4 31. Bh3 Qd1+ 32. Re1 Qb3 33. Rg1 Rf6 34.
Qe4 Bg7 35. Bc1 R8f7 36. Re8 Rf8 37. Rxf8 Bxf8 38. Qg2 Ne7 39. Be6 Bh6 40. Qe4
Qb7 41. Re1 Nf5 42. Rf1 a5 43. Kg1 Qb8 44. Qa4 Qd8 45. Kh1 Ng7 46. Bh3 Qe7 47.
Qc4 Rf8 48. Qd3 1/2-1/2

[Event "Prva liga Centalne Srbije 2009"]
[Site "Vrnjacka Banja"]
[Date "2009.09.26"]
[Round "11.5"]
[White "Pancevski, Filip"]
[Black "Raicevic, Vladimir"]
[Result "0-1"]
[WhiteElo "2432"]
[BlackElo "2401"]
[PlyCount "84"]
[EventDate "2009.09.19"]

1. e4 e6 2. d4 d5 3. e5 c5 4. c3 Qb6 5. Nf3 Bd7 6. a3 a5 7. Be2 Nc6 8. b3 Nh6
9. O-O Nf5 10. Bb2 cxd4 11. cxd4 Be7 12. Kh1 f6 13. Bd3 Nh6 14. exf6 gxf6 15.
Nc3 Nf7 16. Rc1 Na7 17. Re1 Qd6 18. Rc2 Rc8 19. Rce2 Rc7 20. Nh4 Bc8 21. Re3
Kd8 22. Qh5 Bf8 23. Qe2 Re7 24. Qf3 f5 25. g3 Ng5 26. Qe2 Rg8 27. f3 f4 28.
gxf4 Nh3 29. Qf1 Nxf4 30. Ne2 Reg7 31. Ng3 Rxg3 32. hxg3 Rxg3 33. Qf2 Rh3+ 34.
Kg1 Qc7 35. Ng2 Qg7 36. Re5 Qh6 37. Qe3 Rg3 38. Bf1 Nc6 39. Bc1 Nxg2 40. Rxd5+
Kc7 41. Qxh6 Nxe1+ 42. Kf2 Rxf3+ 0-1

[Event "Prva liga Centalne Srbije 2009"]
[Site "Vrnjacka Banja"]
[Date "2009.09.26"]
[Round "11.5"]
[White "Milosevic, Aleksandar"]
[Black "Stankovic, Milos"]
[Result "0-1"]
[WhiteElo "2280"]
[BlackElo "2357"]
[PlyCount "118"]
[EventDate "2009.09.19"]

1. Nf3 Nf6 2. c4 c5 3. Nc3 Nc6 4. e3 e5 5. a3 d6 6. Be2 Be7 7. d4 O-O 8. d5 Nb8
9. e4 Nbd7 10. Nd2 a6 11. b4 b5 12. cxb5 axb5 13. Rb1 Ba6 14. Nxb5 cxb4 15.
Rxb4 Nc5 16. Qc2 Qd7 17. Qb1 Bd8 18. Nc3 Bxe2 19. Nxe2 Ba5 20. Rc4 Rfb8 21. Qc2
Bxd2+ 22. Bxd2 Rb2 23. Qc3 Nfxe4 24. Rxe4 Rb1+ 25. Bc1 Nxe4 26. Qc2 Qf5 27.
Qxb1 Qxf2+ 28. Kd1 Qxg2 29. Rg1 Nc3+ 30. Nxc3 Qxg1+ 31. Kc2 Qxh2+ 32. Bd2 Qh4
33. Qb7 Qd8 34. Qb4 Qc7 35. Kb3 Rb8 36. Nb5 Qb7 37. a4 Qxd5+ 38. Ka3 h5 39. Bc3
g6 40. Qh4 Qe6 41. Bb4 d5 42. Qg5 d4 43. Bd6 Re8 44. Bb4 Qc6 45. Nd6 Ra8 46. a5
Qd5 47. Qe7 Qf3+ 48. Ka2 Qd5+ 49. Ka3 Rxa5+ 50. Bxa5 Qxa5+ 51. Kb2 Qd2+ 52. Ka3
Qf4 53. Qd8+ Kh7 54. Qf8 Qh6 55. Qxf7+ Qg7 56. Qe6 d3 57. Nf7 d2 58. Ng5+ Kh6
59. Nf7+ Qxf7 0-1

[Event "Prva liga Centalne Srbije 2009"]
[Site "Vrnjacka Banja"]
[Date "2009.09.26"]
[Round "11.5"]
[White "Milenkovic, Mladen"]
[Black "Nesic, Nebojsa"]
[Result "1-0"]
[WhiteElo "2341"]
[BlackElo "2127"]
[PlyCount "151"]
[EventDate "2009.09.19"]

1. e4 d6 2. d4 Nf6 3. Nc3 g6 4. Be3 Bg7 5. Qd2 c6 6. f3 Nbd7 7. g4 b5 8. Nge2
Nb6 9. b3 a5 10. a4 b4 11. Nd1 Qc7 12. h4 h5 13. g5 Nfd7 14. f4 c5 15. Bg2 Bb7
16. Nf2 O-O 17. O-O cxd4 18. Bxd4 Rac8 19. Bxg7 Kxg7 20. Rac1 Nc5 21. f5 Nbd7
22. Nd4 Ne5 23. f6+ Kh7 24. Nb5 Qd7 25. fxe7 Rfe8 26. Qxd6 Rxe7 27. Rfd1 Qe8
28. Qf6 Rc6 29. Qf4 Rd7 30. Rd5 Ng4 31. Nxg4 hxg4 32. Rcd1 Ne6 33. Qxg4 Re7 34.
R1d2 Qb8 35. Nd6 Rc3 36. Nxb7 Qxb7 37. R5d3 Rec7 38. Rxc3 Rxc3 39. Qd1 Qc7 40.
Rf2 Rg3 41. Qd5 Nf4 42. Qb5 Qa7 43. Kf1 Qe3 44. Rxf4 Qxf4+ 45. Kg1 Qxe4 46. Qf1
Qe3+ 47. Kh2 Kg8 48. Bd5 Rh3+ 49. Qxh3 Qe5+ 50. Qg3 Qxd5 51. Qd3 Qe5+ 52. Kg2
Kh7 53. Kf3 Qh2 54. Qc4 Qh3+ 55. Ke2 Qf5 56. Kd2 Kg7 57. Qd4+ Kg8 58. c3 bxc3+
59. Kxc3 Qc8+ 60. Kd3 Qc7 61. Qc3 Qg3+ 62. Kc2 Qf2+ 63. Qd2 Qc5+ 64. Kb2 Qe5+
65. Qc3 Qf5 66. Qd4 Kh7 67. Kc3 Qc8+ 68. Qc4 Qh3+ 69. Qd3 Qxh4 70. Qd5 Qb4+ 71.
Kd3 Kg7 72. Qd4+ Qxd4+ 73. Kxd4 f5 74. gxf6+ Kxf6 75. b4 axb4 76. a5 1-0

[Event "Prva liga Centalne Srbije 2009"]
[Site "Vrnjacka Banja"]
[Date "2009.09.26"]
[Round "11.5"]
[White "Stefanovic, Vladimir"]
[Black "Misailovic, Nebojsa"]
[Result "0-1"]
[WhiteElo "2177"]
[BlackElo "2291"]
[PlyCount "72"]
[EventDate "2009.09.19"]

1. Nf3 Nf6 2. g3 g6 3. Bg2 Bg7 4. O-O O-O 5. c4 d5 6. d4 dxc4 7. Na3 c5 8. dxc5
Qc7 9. Nxc4 Qxc5 10. b3 Nc6 11. Bb2 Qh5 12. Qd2 Bg4 13. Rfd1 Rad8 14. Qe1 Rc8
15. Qf1 Rfe8 16. Ne3 Be6 17. Nd4 Nxd4 18. Bxd4 b6 19. h3 Red8 20. g4 Qa5 21.
Bb7 Rb8 22. Bxf6 Bxf6 23. Rxd8+ Rxd8 24. Rd1 Rxd1 25. Qxd1 Qxa2 26. Bd5 Qa1 27.
Qxa1 Bxa1 28. Bxe6 fxe6 29. Nc4 Kf7 30. b4 b5 31. Na3 a6 32. f4 e5 33. fxe5 Ke6
34. Kf2 Bd4+ 35. Kf3 Kxe5 36. Nc2 Kd5 0-1